|
|
|
|
| LEADER |
00000naa2a2200000 4500 |
| 001 |
241706 |
| 005 |
20251217131852.0 |
| 035 |
|
|
|a (RuTPU)RU\TPU\book\262993
|
| 035 |
|
|
|a RU\TPU\book\262989
|
| 090 |
|
|
|a 241706
|
| 100 |
|
|
|a 20130819d2013 k y0rusy50 ba
|
| 101 |
0 |
|
|a eng
|
| 102 |
|
|
|a RU
|
| 135 |
|
|
|a drcn ---uucaa
|
| 200 |
1 |
|
|a The depth distribution of the absorbed dose of the electron beam in the tissue-equivalent medium
|f I. A. Miloichikova
|g sci. adv. Ye. S. Sukhikh
|
| 215 |
|
|
|a 1 файл(320 Кб)
|
| 225 |
1 |
|
|a Nuclear technologies as integral part of engineering sciencein the modern world
|
| 300 |
|
|
|a Заглавие с экрана
|
| 320 |
|
|
|a [Библиогр.: с. 71 (6 назв.)]
|
| 330 |
|
|
|a In the research the methodology of clinical dosimetry of electron beams using plane-parallel ionization chamber and radiochromic dosimetry films (the GafChromic EBT3 film) in non-water phantom is considered.In the introduction the actuality of the research is discussed. In the main part the main parameters of the plane-parallel ionization chamber, radiochromic dosimetry films and the non-water phantom are described. General principles of the methodology of the depth dose measurement are given. The results of the depth dose measurement of 2 MeV betatron electron beams are presented.In conclusion the comparative analysis of the results is given.
|
| 337 |
|
|
|a Adobe Reader
|
| 463 |
|
1 |
|0 (RuTPU)RU\TPU\book\258133
|t Методология проектирования молодежного научно-инновационного пространства для российской энергетики
|l Strategy design of youth science and innovation environment for modern engineer training
|o сборник научных трудов Международной молодежной научной школы, г. Томск, 27 - 29 марта 2013 г.
|f Национальный исследовательский Томский политехнический университет (ТПУ)
|v [С. 68-71]
|d 2013
|
| 610 |
1 |
|
|a электронный ресурс
|
| 610 |
1 |
|
|a труды учёных ТПУ
|
| 610 |
1 |
|
|a radiotherapy
|
| 610 |
1 |
|
|a electronics
|
| 610 |
1 |
|
|a dosimetry
|
| 610 |
1 |
|
|a nuclear physics
|
| 610 |
1 |
|
|a medical physics
|
| 700 |
|
1 |
|a Miloichikova
|b I. A.
|c physicist
|c Associate Professor of Tomsk Polytechnic University, Candidate of Physical and Mathematical Sciences
|f 1988-
|g Irina Alekseevna
|3 (RuTPU)RU\TPU\pers\35525
|9 18707
|
| 702 |
|
1 |
|a Sukhikh
|b E. S.
|c specialist in the field of nuclear energy
|c Associate Professor of Tomsk Polytechnic University, Candidate of Physical and Mathematical Sciences
|f 1986-
|g Evgeniya Sergeevna
|3 (RuTPU)RU\TPU\pers\31215
|4 695
|9 15411
|
| 712 |
0 |
2 |
|a Национальный исследовательский Томский политехнический университет (ТПУ)
|b Физико-технический институт (ФТИ)
|c (2010- )
|3 (RuTPU)RU\TPU\col\17709
|
| 801 |
|
1 |
|a RU
|b 63413507
|c 20101016
|
| 801 |
|
2 |
|a RU
|b 63413507
|c 20220328
|g RCR
|
| 856 |
4 |
|
|u http://www.lib.tpu.ru/fulltext/c/2013/C07/015.pdf
|
| 942 |
|
|
|c CF
|